000 00861nam a22001935i 4500
001 154337
003 ES-MaACL
005 20230906205657.0
008 040707m18211823fr |||| | lat d
040 _aCAM
_bspa
_cCAM
100 1 _aGodefroy, Denis.
_9127345
245 1 0 _aImmo D. Gothofredi, hoc est, Conciliatio legum in speciem pugnantium quas in notis ad Pandectas Juris Civilis D. Gothofredus indicaverat, in Concordiam adduxit D.G.A. Struvius /
_crecensuit P. Pinel-Grandchamp.
250 _aNova editio accuratius emendata.
260 _aParisiis :
_bapud Videcoq, J.L.J. Brière,
_c1821-1823 (
_fde l'imprimerie de A. Bobée)
300 _a3 v. (III, 386 ; 276 ; 202 p.) ;
_c20 cm.
630 0 4 _aCorpus Iuris Civilis.
_pPandectae-
_vConcordancias.
_9135267
700 1 _aPinel-Grandchamp, P.
_9131169
852 _aES-MaACL
_jC-2928-30
_z-- Enc. hol.
999 _c154337
_d154337